000 00315nam a22001337a 4500
008 210303b ||||| |||| 00| 0 eng d
020 _a9781118341735
041 _aeng
080 _24th
_a618
100 _a10
101 _aGJIN
245 _aObstetrics and Gynecology at a Glance
_cNorwitz,R.E
942 _2udc
_cBK
999 _c55587
_d55587